000
00352nam a2200133Ia 4500
008
231129s9999||||xx |||||||||||||| ||spa||
020
_a
84-7373-033-0
040
_b
spa
082
_a
002 E74
100
_a
Escobar Hipolito
245
0
_a
De la escritura al libro
264
_a
Promocion Cultural
942
_2
ddc
_c
BKS
999
_c
8763
_d
8763